000 01656nam a2200349Ia 4500
999 _c5154
_d5154
003 OSt
005 20200407011001.0
008 191128s2002 ck gr 001 0 spa d
020 _a9786071606198
040 _aCO-JMCR
_cCO-JMCR
041 1 _aspa
_heng
082 0 4 _a321.8 /
_bW337d
_221
100 1 _aWhitehead, Laurence,
_eautor
_92613
245 1 0 _aDemocratización, teoría y experiencia /
_cLaurence Whitehead ; traducción Liliana Andrade Llanas y José Manuel Salazar Palacios
250 _aPrimera edición
260 _aMéxico :
_bFondo de Cultura Económica,
_c2002
300 _a407 páginas ;
_c21 cm
490 0 _aPolítica y derecho
500 _aIncluye índice analítico.
504 _aBibliografía: páginas 375-389
505 0 _aDemocracia y democratización -- El drama de las transiciones democráticas -- La sociedad civil -- La responsabilidad y el diseño institucional -- La corrupción política -- La autoridad monetaria -- La seguridad ciudadana -- La comparación de los procesos
520 _aErráticos, impredecibles, metamórficos: así son los regímenes políticos surgidos en el mundo tras el colapso del socialismo real y el fortalecimiento de los mercados internacionales.
534 _pDemocratization. Theory and experience
546 _aTraducido del inglés
650 1 4 _aDemocracia
_xCorrupción política
_92614
650 1 4 _aSeguridad ciudadana
_92615
650 1 4 _aDemocratización
_92258
650 1 4 _aCiencia política
_xideología
_92616
700 1 _aAndrade Llanas, Liliana,
_etraductora
_92617
700 1 _aSalazar Palacios, José Manuel,
_etraductor
_92618
942 _2ddc
_cBK